The problem of style
Contents: the meaning of style; the psychology of style; poetry and prose; the central problem of style; the process of creative style,..
Сохранить в:
| Главный автор: | |
|---|---|
| Формат: | |
| Язык: | Undetermined |
| Опубликовано: |
London
Oxford University Press
1960
|
| Предметы: | |
| Метки: |
Добавить метку
Нет меток, Требуется 1-ая метка записи!
|
| Thư viện lưu trữ: | Trung tâm Học liệu Trường Đại học Cần Thơ |
|---|
| LEADER | 00657nam a2200193Ia 4500 | ||
|---|---|---|---|
| 001 | CTU_219096 | ||
| 008 | 210402s9999 xx 000 0 und d | ||
| 082 | |a 808 | ||
| 082 | |b M984 | ||
| 100 | |a Murry, John Middleton | ||
| 245 | 4 | |a The problem of style | |
| 245 | 0 | |c John Middleton Murry | |
| 260 | |a London | ||
| 260 | |b Oxford University Press | ||
| 260 | |c 1960 | ||
| 520 | |a Contents: the meaning of style; the psychology of style; poetry and prose; the central problem of style; the process of creative style,.. | ||
| 650 | |a Phong cách, văn học,Style, Literary | ||
| 904 | |i Trúc | ||
| 980 | |a Trung tâm Học liệu Trường Đại học Cần Thơ | ||